000
00283nam a2200133Ia 4500
100
_a
Feibel Werner
942
_c
BK
654
_a
Computer
245
_a
Complete Encyclopedia of Networking
260
_b
Novell Press
_c
1995
300
_a
1216
546
_a
ENGLISH
999
_c
31216
_d
31216